000 00706nam a2200277Ia 4500
005 20260324113208.0
008 008 260324s9999 xx 000 0 eng d
020 _a9781003299721
037 _aEBOOK
040 _aCRL
040 _beng
040 _cCRL
041 _2eng
041 _aeng
084 _qCRL
100 _aLauren Frances Turek; Cara Lea Burnidge
_91145802
245 4 _aThe Routledge History of Religion and Politics in the United States Since 1775
260 _bTaylor and Francis
260 _c2024
365 _a
365 _b340
856 _uhttp://www.taylorfrancis.com/books/9781003299721
942 _cEBOOK
999 _c1735326
_d1735326